LEADER 00823nam2 2200253 450 001 000018575 005 20081031082531.0 100 $a20081031d1955----km-y0itay50------ba 101 0 $aita 102 $aIT 105 $aafc-----001yy 200 1 $aScritti di statistica$fFrancesco Ferrara 210 $aRoma$c[s.n.]$d1955$eRoma$gIstituto grafico tiberino 215 $aXXXVI, 526 p., [1] c. di tav.$critr.$d26 cm 461 0$1001000018574$12001$aOpere complete$v01 500 10$aScritti di statistica$932863 610 1 $aStatistica sociale 676 $a300.72$v19$9Scienze sociali. Ricerca 700 1$aFerrara,$bFrancesco$f<1810-1900>$0313504 801 0$aIT$bUNIPARTHENOPE$c20081031$gRICA$2UNIMARC 912 $a000018575 951 $a031/6$b979$cNAVA2 996 $aScritti di statistica$932863 997 $aUNIPARTHENOPE LEADER 02899nam0 2200613 i 450 001 RAV0167682 005 20251003044326.0 010 $a8806127667 020 $aIT$b92-8718 100 $a19911128d1991 ||||0itac50 ba 101 | $aita 102 $ait 181 1$6z01$ai $bxxxe 182 1$6z01$an 200 1 $aBanca, finanza, mercato$ebilancio di un decennio e nuove prospettive$fPierluigi Ciocca 210 $aTorino$cEinaudi$d[1991] 215 $aXI, 194 p.$d20 cm. 225 | $aEinaudi contemporanea$v4 410 0$1001CFI0170779$12001 $aEinaudi contemporanea$v4 606 $aBanche$xItalia$x1980-1989$2FIR$3CFIC029440$9I 606 $aFinanza$xItalia$x1980-1989$2FIR$3CFIC029441$9I 676 $a332$9ECONOMIA FINANZIARIA$v21 676 $a332.1$9BANCHE E SERVIZI BANCARI$v11 676 $a332.1$9Banche$v14 676 $a332.1$9BANCHE E SERVIZI BANCARI$v19 676 $a332.1$9BANCHE$v23 676 $a332.10945$9BANCHE E OPERAZIONI BANCARIE. ITALIA$v19 676 $a332.10945$9BANCHE E SERVIZI BANCARI. Italia$v20 676 $a332.109450928$9BANCHE E SERVIZI BANCARI. ITALIA. 1980-1989.$v21 676 $a338.9$9SVILUPPO ECONOMICO$v12 686 $aHG 3076$c$2C 696 $aIstituti di credito$aSistemi bancari$aBanchi $aIndustria bancaria 696 $aAttivitą finanziarie$aIndustria finanziaria$aEconomia finanziaria 699 $aBanche$yIstituti di credito 699 $aBanche$ySistemi bancari 699 $aBanche$yBanchi 699 $aBanche$yIndustria bancaria 699 $aFinanza$zAttivitą finanziarie 699 $aFinanza$yIndustria finanziaria 699 $aFinanza$yEconomia finanziaria 700 1$aCiocca$b, Pierluigi$3CFIV059030$4070$083962 801 3$aIT$bIT-000000$c19911128 850 $aIT-BN0095 $aIT-NA0647 $aIT-AV0003 $aIT-AV0007 $aIT-NA0452 $aIT-NA0792 901 $bNAP 65$cSEZ. B $n$ 901 $bNAP IS$cISFSE $nSezione di materie economiche e sociali dell' ex Istituto sulle strutture finanziarie e lo sviluppo economico 901 $bNAP AV$cSEZ. M $nSezione Moderna 901 $bNAP TL$cARMADIO 06$nComprende saggi,enciclopedie e vocabolari 901 $bNAP 01$cPOZZO LIB.$nVi sono collocati fondi di economia, periodici di ingegneria e scienze, periodici di economia e statistica e altri fondi comprendenti documenti di economia pervenuti in dono. 901 $bNAP AR$cP. CICCONE$nDONAZIONE 912 $aRAV0167682 950 0$aBiblioteca Centralizzata di Ateneo$c1 v.$d 01POZZO LIB.ECON MON 6894$e 0101 0700190775E VMA 1 v. (Precedente collocazione 19 Ec 077)$fB $h20220725$i20220725 977 $a 01$a 65$a AR$a AV$a IS$a TL 996 $aBanca, finanza, mercato$9467574 997 $aUNISANNIO